Cementerio para lunáticos / Ray Bradbury
Novela de ciencia ficción estadounidense, que se desarrolla en la ciudad de Hollywood, y que gira en torno a un célebre guionista que recientemente ha sido contratado para una gran obra, sin embargo, una misteriosa invitación lo conduce a un cementerio oculto, en donde descubrirá a alguien que le...
Uloženo v:
| Hlavní autor: | |
|---|---|
| Médium: | Kniha |
| Jazyk: | Spanish |
| Vydáno: |
Buenos Aires, Argentina
Emecé
1992
|
| Témata: | |
| Tagy: |
Přidat tag
Žádné tagy, Buďte první, kdo vytvoří štítek k tomuto záznamu!
|
MARC
| LEADER | 00000nam a2200000Ia 4500 | ||
|---|---|---|---|
| 008 | 170316s9999 xx 000 0 spa d | ||
| 040 | |a cru BVZT | ||
| 090 | |a F-810 B-20c | ||
| 100 | |a Bradbury, Ray | ||
| 245 | |a Cementerio para lunáticos / Ray Bradbury | ||
| 260 | |a Buenos Aires, Argentina | ||
| 260 | |b Emecé | ||
| 260 | |c 1992 | ||
| 300 | |a 337 páginas | ||
| 520 | |a Novela de ciencia ficción estadounidense, que se desarrolla en la ciudad de Hollywood, y que gira en torno a un célebre guionista que recientemente ha sido contratado para una gran obra, sin embargo, una misteriosa invitación lo conduce a un cementerio oculto, en donde descubrirá a alguien que le cambiará la vida. Cementerio para lunáticos, escrito originalmente en 1990 por Ray Bradbury, representa de una forma enigmática y diferente el mundo del cine. | ||
| 650 | |a LITERATURA ESTADOUNIDENSE |9 25 | ||
| 650 | |a FICCIÓN |9 26 | ||
| 999 | |c 28708 |d 28708 | ||
| 942 | |c 15 D |h F-810 B-20c |2 z | ||
